000 00332nam a2200133Ia 4500
008 220216s9999 xx 000 0 und d
100 _aParkinson D
245 0 _aCarbon black in rubber compounding
260 _bIRI Transactions
_c1940
300 _a87-104
650 _aCarbon black
650 _aRubber compounding
942 _cJS
999 _c55110
_d55110